000 00506nam a22001817a 4500
999 _c165377
_d165377
005 20190614151806.0
010 _aB-125607
020 _a9788192799926
_c1180.00
035 _aEN-109139
037 _bDBAD/PUB
082 _a301
100 _aReddy, V Rami
245 _aGeneral anthropology/
_cby V. Rami Reddy
260 _aTirupati
_bV.Indira
_c2018
270 _a8-30,Vidyanagar,
_bSvunt colony, Tirupati
_e517502
300 _axii,289p.
_c25cm(pbk)
942 _2ddc
_cEN
_h301
_mRED